Guided weapons (Record no. 579169)
[ view plain ]
| 000 -LEADER | |
|---|---|
| fixed length control field | 00463nam a22001937a 4500 |
| 003 - CONTROL NUMBER IDENTIFIER | |
| control field | CEME |
| 005 - DATE AND TIME OF LATEST TRANSACTION | |
| control field | 20210628205021.0 |
| 008 - FIXED-LENGTH DATA ELEMENTS--GENERAL INFORMATION | |
| fixed length control field | 201230b xxu||||| |||| 00| 0 eng d |
| 020 ## - INTERNATIONAL STANDARD BOOK NUMBER | |
| International Standard Book Number | 0080358284 |
| 040 ## - CATALOGING SOURCE | |
| Transcribing agency | ceme |
| 082 ## - DEWEY DECIMAL CLASSIFICATION NUMBER | |
| Classification number | 623-BRA GUI |
| 100 ## - MAIN ENTRY--PERSONAL NAME | |
| Personal name | Collins, Garland T.K |
| 9 (RLIN) | 73419 |
| 245 ## - TITLE STATEMENT | |
| Title | Guided weapons |
| 250 ## - EDITION STATEMENT | |
| Edition statement | VOL-1 |
| 260 ## - PUBLICATION, DISTRIBUTION, ETC. | |
| Place of publication, distribution, etc. | BRASSEY'S |
| Date of publication, distribution, etc. | 1988 |
| 300 ## - PHYSICAL DESCRIPTION | |
| Extent | XV, 286P |
| 700 ## - ADDED ENTRY--PERSONAL NAME | |
| Personal name | Lee, R.G Colonel,Johnson, D.E |
| 9 (RLIN) | 73420 |
| 942 ## - ADDED ENTRY ELEMENTS (KOHA) | |
| Koha item type | Book |
| Source of classification or shelving scheme | |
| Withdrawn status | Lost status | Damaged status | Not for loan | Permanent Location | Current Location | Shelving location | Date acquired | Total Checkouts | Full call number | Barcode | Date last seen | Price effective from | Koha item type |
|---|---|---|---|---|---|---|---|---|---|---|---|---|---|
| College of Electrical & Mechanical Engineering (CEME) | College of Electrical & Mechanical Engineering (CEME) | Reference | 02/13/2017 | 623-BRA GUI | CEME-48042 | 06/28/2021 | 06/28/2021 | Book |
